| 000 | 00973nam a2200289Ia 4500 | ||
|---|---|---|---|
| 003 | OSt | ||
| 005 | 20221005022742.0 | ||
| 006 | a|||||r|||| 00| 0 | ||
| 007 | ta | ||
| 008 | 221004b |||||||| |||| 00| 0 eng d | ||
| 020 |
_a978 90 272 3412 4 (hbk) _cEURO 99.00 |
||
| 024 | _a34991 | ||
| 037 |
_b1404, 08/09/2017, Bright Book Service _cTextual |
||
| 040 |
_aCRL _cCRL _beng |
||
| 041 |
_2eng _aeng |
||
| 082 | _aP111:4, Q6 | ||
| 100 |
_aLouw Bill Au. _9578598 |
||
| 245 | 0 | _aCorpus stylistics as contextual prosodic theory and subtext | |
| 260 |
_aAmsterdam _bJohn Benjamins Publishing Company The Netherlands _c2016 |
||
| 300 |
_axix,419p. _ccm. |
||
| 490 | _aLinguistic approaches to literature; 23 | ||
| 650 | _a SEMANTICS | ||
| 650 | _aENGLISH LANGUAGE | ||
| 700 |
_a Milojkovic Marija Au. _9578599 |
||
| 942 |
_hP111:4, Q6 _cTEXL _2cc |
||
| 999 |
_c929974 _d929974 |
||